| 000 | 01829nam0a2200361 4500 | ||
|---|---|---|---|
| 001 | RU\NLR\BIBL_A\012419484 | ||
| 005 | 20210126135521.0 | ||
| 010 |
_a978-5-4437-1009-9 _9100 |
||
| 021 |
_aRU _bКН-П-20-034926 _9КН-П-20-2665 |
||
| 035 | _a(NLR Aleph) 012419484 | ||
| 035 | _a(RuMoRGB)010360329 | ||
| 090 |
_a11818569 _c11818569 |
||
| 100 | _a20201210d2020 u y0rusy50 ca | ||
| 101 | 0 | _arus | |
| 102 | _aRU | ||
| 105 | _aa|||j|||000zy | ||
| 181 | 0 |
_ai _baxxe |
|
| 182 | 0 | _an | |
| 200 | 1 |
_aЭкзаменационные задачи по физике для 9-х классов СУНЦ НГУ _eметодическое пособие _fВ.И. Баткин, В.Р. Грошев, В.Ф. Казанин, Г.В. Федотович _gМинистерство науки и высшего образования РФ, Новосибирский государственный университет, Специализированный учебно-научный центр |
|
| 203 |
_aТекст _bвизуальный _cнепосредственный |
||
| 210 |
_aНовосибирск _cИздательско-полиграфический центр НГУ _d2020 |
||
| 215 |
_a29 с. _cил. _d21 |
||
| 606 | 1 |
_aФизика _xЗадачи _xРешение _jМетодические пособия _2nlr_sh1 _2nlr_sh2 _3RU\NLR\AUTH\661146906 |
|
| 686 | 1 | _aВ3я721-41 | |
| 701 | 1 |
_aБаткин _bВ. И. _gВладимир Ильич |
|
| 701 | 1 |
_aГрошев _bВ. Р. _gВладимир Романович |
|
| 701 | 1 |
_aКазанин _bВ. Ф. _gВасилий Фёдорович |
|
| 701 | 1 |
_aФедотович _bГ. В. _gГеннадий Васильевич |
|
| 942 | _cBOOK | ||
| 980 | _aNBR | ||
| 980 | _aNB | ||